<?xml version="1.0" encoding="UTF-8"?>
<record
    xmlns:xsi="http://www.w3.org/2001/XMLSchema-instance"
    xsi:schemaLocation="http://www.loc.gov/MARC21/slim http://www.loc.gov/standards/marcxml/schema/MARC21slim.xsd"
    xmlns="http://www.loc.gov/MARC21/slim">

  <leader>05682namaa22004211i 4500</leader>
  <controlfield tag="003">EG-GICUC</controlfield>
  <controlfield tag="005">20260427105816.0</controlfield>
  <controlfield tag="008">260427s2025    ua a|||frm||| 000 0 eng d</controlfield>
  <datafield tag="040" ind1=" " ind2=" ">
    <subfield code="a">EG-GICUC</subfield>
    <subfield code="b">eng</subfield>
    <subfield code="c">EG-GICUC</subfield>
    <subfield code="d">EG-GICUC</subfield>
    <subfield code="e">rda</subfield>
  </datafield>
  <datafield tag="041" ind1="0" ind2=" ">
    <subfield code="a">eng</subfield>
    <subfield code="b">eng</subfield>
    <subfield code="b">ara</subfield>
  </datafield>
  <datafield tag="049" ind1=" " ind2=" ">
    <subfield code="a">Deposit</subfield>
  </datafield>
  <datafield tag="082" ind1="0" ind2="4">
    <subfield code="a">338.9001</subfield>
  </datafield>
  <datafield tag="092" ind1=" " ind2=" ">
    <subfield code="a">338.9001</subfield>
    <subfield code="2">21</subfield>
  </datafield>
  <datafield tag="097" ind1=" " ind2=" ">
    <subfield code="a">M.Sc</subfield>
  </datafield>
  <datafield tag="099" ind1=" " ind2=" ">
    <subfield code="a">Cai01.03.02.M.Sc.2025.Ra.F</subfield>
  </datafield>
  <datafield tag="100" ind1="0" ind2=" ">
    <subfield code="a">Rawan Tarek Ahmed Ali Hamoury, </subfield>
    <subfield code="e">preparation.</subfield>
  </datafield>
  <datafield tag="245" ind1="1" ind2="0">
    <subfield code="a">Fiscal consolidation and economic growth: evidence from the MENA region /</subfield>
    <subfield code="c">by Rawan Tarek Ahmed Ali Hamoury ; Supervisor Prof. Dr. Heidi Aly.</subfield>
  </datafield>
  <datafield tag="246" ind1="1" ind2="5">
    <subfield code="a">&#x636;&#x628;&#x637; &#x623;&#x648;&#x636;&#x627;&#x639; &#x627;&#x644;&#x645;&#x627;&#x644;&#x64A;&#x629; &#x627;&#x644;&#x639;&#x627;&#x645;&#x629; &#x648;&#x627;&#x644;&#x646;&#x645;&#x648; &#x627;&#x644;&#x625;&#x642;&#x62A;&#x635;&#x627;&#x62F;&#x64A;: &#x628;&#x627;&#x644;&#x62A;&#x637;&#x628;&#x64A;&#x642; &#x639;&#x644;&#x649; &#x645;&#x646;&#x637;&#x642;&#x629; &#x627;&#x644;&#x634;&#x631;&#x642; &#x627;&#x644;&#x623;&#x648;&#x633;&#x637; &#x648;&#x634;&#x645;&#x627;&#x644; &#x627;&#x641;&#x631;&#x64A;&#x642;&#x64A;&#x627;</subfield>
  </datafield>
  <datafield tag="264" ind1=" " ind2="0">
    <subfield code="c">2025.</subfield>
  </datafield>
  <datafield tag="300" ind1=" " ind2=" ">
    <subfield code="a">173 pages : </subfield>
    <subfield code="b">illustrations ; </subfield>
    <subfield code="c">25 cm. + </subfield>
    <subfield code="e">CD.</subfield>
  </datafield>
  <datafield tag="336" ind1=" " ind2=" ">
    <subfield code="a">text</subfield>
    <subfield code="2">rda content</subfield>
  </datafield>
  <datafield tag="337" ind1=" " ind2=" ">
    <subfield code="a">Unmediated</subfield>
    <subfield code="2">rdamedia</subfield>
  </datafield>
  <datafield tag="338" ind1=" " ind2=" ">
    <subfield code="a">volume</subfield>
    <subfield code="2">rdacarrier</subfield>
  </datafield>
  <datafield tag="502" ind1=" " ind2=" ">
    <subfield code="a">Thesis (M.Sc)-Cairo University, 2025.</subfield>
  </datafield>
  <datafield tag="504" ind1=" " ind2=" ">
    <subfield code="a">Bibliography: pages 160-167.</subfield>
  </datafield>
  <datafield tag="520" ind1=" " ind2="3">
    <subfield code="a">This thesis investigates the short-term effects of fiscal consolidation on economic growth in six MENA countries: Egypt, Saudi Arabia, UAE, Morocco, Jordan, and Tunisia. The study employs both quantitative and narrative approaches to identify fiscal consolidation episodes, focusing on discretionary changes in taxes and government spending to reduce budget deficits. The research challenges the Keynesian perspective by examining cases where fiscal consolidation did not significantly hinder GDP growth in the short term. It contributes to the literature by providing an empirical analysis of the short-term impact of fiscal reforms, a topic less explored compared to long-term sustainability
The study includes descriptive country case studies and an empirical methodology that employs panel OLS and panel IV estimation methods using panel data from 2000-2022. The results indicate that under the exogeneity assumption, fiscal adjustments can positively affect economic growth. However, when accounting for feedback effects, fiscal consolidation, particularly when identified using the narrative approach, correlates with a contraction in real GDP. The thesis concludes that the presence of non-Keynesian effects in the short run can be attributed to the exogeneity assumption.</subfield>
  </datafield>
  <datafield tag="520" ind1=" " ind2="3">
    <subfield code="a">&#x62A;&#x633;&#x62A;&#x62E;&#x62F;&#x645; &#x647;&#x630;&#x647; &#x627;&#x644;&#x631;&#x633;&#x627;&#x644;&#x629; &#x637;&#x631;&#x64A;&#x642;&#x629; &#x62A;&#x642;&#x62F;&#x64A;&#x631; &#x627;&#x644;&#x645;&#x62A;&#x63A;&#x64A;&#x631;&#x627;&#x62A; &#x627;&#x644;&#x622;&#x644;&#x64A;&#x629; &#x627;&#x644;&#x62F;&#x64A;&#x646;&#x627;&#x645;&#x64A;&#x643;&#x64A;&#x629; &#x644;&#x62A;&#x62D;&#x644;&#x64A;&#x644; &#x627;&#x644;&#x639;&#x644;&#x627;&#x642;&#x629; &#x628;&#x64A;&#x646; &#x627;&#x644;&#x62A;&#x642;&#x634;&#x641; &#x627;&#x644;&#x645;&#x627;&#x644;&#x64A; &#x648;&#x627;&#x644;&#x646;&#x645;&#x648; &#x627;&#x644;&#x627;&#x642;&#x62A;&#x635;&#x627;&#x62F;&#x64A; &#x641;&#x64A; &#x645;&#x646;&#x637;&#x642;&#x629; &#x627;&#x644;&#x634;&#x631;&#x642; &#x627;&#x644;&#x623;&#x648;&#x633;&#x637; &#x648;&#x634;&#x645;&#x627;&#x644; &#x625;&#x641;&#x631;&#x64A;&#x642;&#x64A;&#x627;&#x60C; &#x645;&#x639; &#x627;&#x644;&#x62A;&#x631;&#x643;&#x64A;&#x632; &#x628;&#x634;&#x643;&#x644; &#x62E;&#x627;&#x635; &#x639;&#x644;&#x649; &#x627;&#x644;&#x622;&#x62B;&#x627;&#x631; &#x627;&#x644;&#x642;&#x635;&#x64A;&#x631;&#x629; &#x627;&#x644;&#x623;&#x62C;&#x644; &#x644;&#x644;&#x62A;&#x642;&#x634;&#x641; &#x627;&#x644;&#x645;&#x627;&#x644;&#x64A;. &#x62A;&#x633;&#x62A;&#x641;&#x64A;&#x62F; &#x627;&#x644;&#x62F;&#x631;&#x627;&#x633;&#x629; &#x645;&#x646; &#x646;&#x647;&#x62C;&#x64A;&#x646; &#x644;&#x62A;&#x62D;&#x62F;&#x64A;&#x62F; &#x641;&#x62A;&#x631;&#x627;&#x62A; &#x627;&#x644;&#x62A;&#x642;&#x634;&#x641;: &#x627;&#x644;&#x646;&#x647;&#x62C; &#x627;&#x644;&#x643;&#x645;&#x64A; (AA2010)&#x60C; &#x627;&#x644;&#x630;&#x64A; &#x64A;&#x62D;&#x62F;&#x62F; &#x641;&#x62A;&#x631;&#x629; &#x636;&#x628;&#x637; &#x627;&#x644;&#x648;&#x636;&#x639; &#x627;&#x644;&#x645;&#x627;&#x644;&#x64A; &#x639;&#x646;&#x62F;&#x645;&#x627; &#x64A;&#x62A;&#x62D;&#x633;&#x646; &#x627;&#x644;&#x631;&#x635;&#x64A;&#x62F; &#x627;&#x644;&#x623;&#x648;&#x644;&#x64A; &#x627;&#x644;&#x645;&#x639;&#x62F;&#x644; &#x62F;&#x648;&#x631;&#x64A;&#x627;&#x64B; (CAPB) &#x628;&#x623;&#x643;&#x62B;&#x631; &#x645;&#x646; 1.5% &#x645;&#x646; &#x627;&#x644;&#x646;&#x627;&#x62A;&#x62C; &#x627;&#x644;&#x645;&#x62D;&#x644;&#x64A; &#x627;&#x644;&#x625;&#x62C;&#x645;&#x627;&#x644;&#x64A;&#x60C; &#x648;&#x627;&#x644;&#x646;&#x647;&#x62C; &#x627;&#x644;&#x633;&#x631;&#x62F;&#x64A; (IMF)&#x60C; &#x627;&#x644;&#x630;&#x64A; &#x64A;&#x639;&#x62A;&#x645;&#x62F; &#x639;&#x644;&#x649; &#x627;&#x644;&#x648;&#x62B;&#x627;&#x626;&#x642; &#x627;&#x644;&#x645;&#x64A;&#x632;&#x627;&#x646;&#x64A;&#x629; &#x648;&#x627;&#x644;&#x642;&#x631;&#x627;&#x631;&#x627;&#x62A; &#x627;&#x644;&#x633;&#x64A;&#x627;&#x633;&#x64A;&#x629;. &#x62A;&#x633;&#x62A;&#x62E;&#x62F;&#x645; &#x627;&#x644;&#x62A;&#x62D;&#x644;&#x64A;&#x644; &#x627;&#x644;&#x62A;&#x62C;&#x631;&#x64A;&#x628;&#x64A; &#x645;&#x642;&#x62F;&#x631; Anderson and Hsiao (1982). &#x62A;&#x634;&#x64A;&#x631; &#x627;&#x644;&#x646;&#x62A;&#x627;&#x626;&#x62C; &#x625;&#x644;&#x649; &#x623;&#x646;&#x647; &#x62A;&#x62D;&#x62A; &#x641;&#x631;&#x636;&#x64A;&#x629; &#x627;&#x644;&#x627;&#x633;&#x62A;&#x642;&#x644;&#x627;&#x644;&#x64A;&#x629;&#x60C; &#x62A;&#x631;&#x62A;&#x628;&#x637; &#x627;&#x644;&#x62A;&#x639;&#x62F;&#x64A;&#x644;&#x627;&#x62A; &#x627;&#x644;&#x645;&#x627;&#x644;&#x64A;&#x629; &#x628;&#x62A;&#x623;&#x62B;&#x64A;&#x631; &#x625;&#x64A;&#x62C;&#x627;&#x628;&#x64A; &#x639;&#x644;&#x649; &#x627;&#x644;&#x646;&#x645;&#x648; &#x627;&#x644;&#x627;&#x642;&#x62A;&#x635;&#x627;&#x62F;&#x64A;.
&#x648;&#x645;&#x639; &#x630;&#x644;&#x643;&#x60C; &#x639;&#x646;&#x62F;&#x645;&#x627; &#x64A;&#x62A;&#x645; &#x62A;&#x62E;&#x641;&#x64A;&#x641; &#x641;&#x631;&#x636;&#x64A;&#x629; &#x627;&#x644;&#x627;&#x633;&#x62A;&#x642;&#x644;&#x627;&#x644;&#x64A;&#x629; &#x644;&#x623;&#x62E;&#x630; &#x62A;&#x623;&#x62B;&#x64A;&#x631;&#x627;&#x62A; &#x627;&#x644;&#x62A;&#x63A;&#x630;&#x64A;&#x629; &#x627;&#x644;&#x631;&#x627;&#x62C;&#x639;&#x629; &#x645;&#x646; &#x62A;&#x63A;&#x64A;&#x631;&#x627;&#x62A; &#x627;&#x644;&#x646;&#x627;&#x62A;&#x62C; &#x641;&#x64A; &#x642;&#x631;&#x627;&#x631;&#x627;&#x62A; &#x627;&#x644;&#x62A;&#x642;&#x634;&#x641; &#x627;&#x644;&#x645;&#x627;&#x644;&#x64A;&#x629;&#x60C; &#x62A;&#x643;&#x634;&#x641; &#x627;&#x644;&#x646;&#x62A;&#x627;&#x626;&#x62C; &#x639;&#x646; &#x62A;&#x623;&#x62B;&#x64A;&#x631; &#x627;&#x646;&#x643;&#x645;&#x627;&#x634;&#x64A; &#x64A;&#x628;&#x644;&#x63A; &#x62D;&#x648;&#x627;&#x644;&#x64A; 1.9% &#x639;&#x644;&#x649; &#x627;&#x644;&#x646;&#x627;&#x62A;&#x62C; &#x627;&#x644;&#x645;&#x62D;&#x644;&#x64A; &#x627;&#x644;&#x625;&#x62C;&#x645;&#x627;&#x644;&#x64A; &#x627;&#x644;&#x62D;&#x642;&#x64A;&#x642;&#x64A; &#x62E;&#x644;&#x627;&#x644; &#x641;&#x62A;&#x631;&#x627;&#x62A; &#x627;&#x644;&#x62A;&#x642;&#x634;&#x641; &#x627;&#x644;&#x645;&#x62D;&#x62F;&#x62F;&#x629; &#x628;&#x648;&#x627;&#x633;&#x637;&#x629; &#x627;&#x644;&#x646;&#x647;&#x62C; &#x627;&#x644;&#x633;&#x631;&#x62F;&#x64A;. &#x64A;&#x634;&#x64A;&#x631; &#x630;&#x644;&#x643; &#x625;&#x644;&#x649; &#x623;&#x646; &#x627;&#x644;&#x62A;&#x62F;&#x627;&#x628;&#x64A;&#x631; &#x627;&#x644;&#x645;&#x627;&#x644;&#x64A;&#x629; &#x627;&#x644;&#x62A;&#x64A; &#x62A;&#x633;&#x62A;&#x647;&#x62F;&#x641; &#x62A;&#x642;&#x644;&#x64A;&#x644; &#x627;&#x644;&#x639;&#x62C;&#x632; &#x641;&#x64A; &#x627;&#x644;&#x645;&#x64A;&#x632;&#x627;&#x646;&#x64A;&#x629; &#x644;&#x64A;&#x633;&#x62A; &#x645;&#x633;&#x62A;&#x642;&#x644;&#x629; &#x62A;&#x645;&#x627;&#x645;&#x64B;&#x627; &#x639;&#x646; &#x62A;&#x63A;&#x64A;&#x631;&#x627;&#x62A; &#x627;&#x644;&#x646;&#x627;&#x62A;&#x62C;&#x60C; &#x645;&#x645;&#x627; &#x64A;&#x62F;&#x644; &#x639;&#x644;&#x649; &#x623;&#x646; &#x639;&#x645;&#x644;&#x64A;&#x627;&#x62A; &#x627;&#x644;&#x62A;&#x642;&#x634;&#x641; &#x627;&#x644;&#x645;&#x627;&#x644;&#x64A; &#x642;&#x62F; &#x62A;&#x643;&#x648;&#x646; &#x627;&#x646;&#x643;&#x645;&#x627;&#x634;&#x64A;&#x629; &#x641;&#x64A; &#x627;&#x644;&#x623;&#x62C;&#x644; &#x627;&#x644;&#x642;&#x635;&#x64A;&#x631;. &#x62A;&#x624;&#x643;&#x62F; &#x627;&#x62E;&#x62A;&#x628;&#x627;&#x631;&#x627;&#x62A; &#x627;&#x644;&#x642;&#x648;&#x629; &#x627;&#x644;&#x625;&#x62D;&#x635;&#x627;&#x626;&#x64A;&#x629; &#x627;&#x644;&#x62A;&#x64A; &#x623;&#x62C;&#x631;&#x64A;&#x62A; &#x623;&#x64A;&#x636;&#x64B;&#x627; &#x623;&#x646;&#x647; &#x644;&#x627; &#x64A;&#x648;&#x62C;&#x62F; &#x62A;&#x623;&#x62B;&#x64A;&#x631; &#x625;&#x64A;&#x62C;&#x627;&#x628;&#x64A; &#x645;&#x646; &#x639;&#x645;&#x644;&#x64A;&#x627;&#x62A; &#x627;&#x644;&#x62A;&#x642;&#x634;&#x641; &#x627;&#x644;&#x645;&#x627;&#x644;&#x64A;&#x629; &#x639;&#x644;&#x649; &#x646;&#x645;&#x648; &#x627;&#x644;&#x646;&#x627;&#x62A;&#x62C; &#x645;&#x646; &#x62E;&#x644;&#x627;&#x644; &#x627;&#x644;&#x642;&#x646;&#x648;&#x627;&#x62A; &#x627;&#x644;&#x645;&#x62E;&#x62A;&#x644;&#x641;&#x629; &#x627;&#x644;&#x62A;&#x64A; &#x62A;&#x645; &#x627;&#x62E;&#x62A;&#x628;&#x627;&#x631;&#x647;&#x627;&#x60C; &#x645;&#x62B;&#x644; &#x625;&#x646;&#x641;&#x627;&#x642; &#x627;&#x644;&#x627;&#x633;&#x62A;&#x62B;&#x645;&#x627;&#x631; &#x648;&#x627;&#x644;&#x627;&#x633;&#x62A;&#x647;&#x644;&#x627;&#x643; &#x627;&#x644;&#x62E;&#x627;&#x635;. &#x628;&#x634;&#x643;&#x644; &#x639;&#x627;&#x645;&#x60C; &#x62A;&#x633;&#x644;&#x637; &#x627;&#x644;&#x631;&#x633;&#x627;&#x644;&#x629; &#x627;&#x644;&#x636;&#x648;&#x621; &#x639;&#x644;&#x649; &#x623;&#x647;&#x645;&#x64A;&#x629; &#x627;&#x644;&#x646;&#x647;&#x62C; &#x627;&#x644;&#x645;&#x633;&#x62A;&#x62E;&#x62F;&#x645; &#x644;&#x62A;&#x62D;&#x62F;&#x64A;&#x62F; &#x641;&#x62A;&#x631;&#x627;&#x62A; &#x627;&#x644;&#x62A;&#x642;&#x634;&#x641; &#x627;&#x644;&#x645;&#x627;&#x644;&#x64A; &#x648;&#x62A;&#x642;&#x62F;&#x645; &#x623;&#x62F;&#x644;&#x629; &#x639;&#x644;&#x649; &#x623;&#x646; &#x627;&#x644;&#x62A;&#x639;&#x62F;&#x64A;&#x644;&#x627;&#x62A; &#x627;&#x644;&#x645;&#x627;&#x644;&#x64A;&#x629; &#x64A;&#x645;&#x643;&#x646; &#x623;&#x646; &#x64A;&#x643;&#x648;&#x646; &#x644;&#x647;&#x627; &#x62A;&#x623;&#x62B;&#x64A;&#x631;&#x627;&#x62A; &#x645;&#x62A;&#x628;&#x627;&#x64A;&#x646;&#x629; &#x639;&#x644;&#x649; &#x627;&#x644;&#x646;&#x645;&#x648; &#x627;&#x644;&#x627;&#x642;&#x62A;&#x635;&#x627;&#x62F;&#x64A; &#x627;&#x639;&#x62A;&#x645;&#x627;&#x62F;&#x64B;&#x627; &#x639;&#x644;&#x649; &#x627;&#x644;&#x627;&#x641;&#x62A;&#x631;&#x627;&#x636;&#x627;&#x62A; &#x648;&#x627;&#x644;&#x623;&#x633;&#x627;&#x644;&#x64A;&#x628; &#x627;&#x644;&#x623;&#x633;&#x627;&#x633;&#x64A;&#x629; &#x627;&#x644;&#x645;&#x633;&#x62A;&#x62E;&#x62F;&#x645;&#x629;.</subfield>
  </datafield>
  <datafield tag="530" ind1=" " ind2=" ">
    <subfield code="a">Issues also as CD.</subfield>
  </datafield>
  <datafield tag="546" ind1=" " ind2=" ">
    <subfield code="a">Text in English and abstract in Arabic &amp; English.</subfield>
  </datafield>
  <datafield tag="650" ind1=" " ind2="0">
    <subfield code="a">Economic Growth</subfield>
  </datafield>
  <datafield tag="650" ind1=" " ind2="0">
    <subfield code="a">&#x627;&#x644;&#x646;&#x645;&#x648; &#x627;&#x644;&#x627;&#x642;&#x62A;&#x635;&#x627;&#x62F;&#x64A; </subfield>
  </datafield>
  <datafield tag="653" ind1=" " ind2="1">
    <subfield code="a">Fiscal consolidation</subfield>
    <subfield code="a">public finance</subfield>
    <subfield code="a">economic growth</subfield>
    <subfield code="a">dynamic panel IV estimation</subfield>
    <subfield code="a">MENA region </subfield>
    <subfield code="a">&#x636;&#x628;&#x637; &#x623;&#x648;&#x636;&#x627;&#x639; &#x627;&#x644;&#x645;&#x627;&#x644;&#x64A;&#x629; &#x627;&#x644;&#x639;&#x627;&#x645;&#x629; </subfield>
    <subfield code="a"> &#x627;&#x644;&#x646;&#x645;&#x648; &#x627;&#x644;&#x625;&#x642;&#x62A;&#x635;&#x627;&#x62F;&#x64A;</subfield>
  </datafield>
  <datafield tag="700" ind1="0" ind2=" ">
    <subfield code="a">Heidi Aly.</subfield>
    <subfield code="e">thesis advisor.</subfield>
  </datafield>
  <datafield tag="900" ind1=" " ind2=" ">
    <subfield code="b">01-01-2025</subfield>
    <subfield code="c">Heidi Aly</subfield>
    <subfield code="U">Cairo University</subfield>
    <subfield code="F">Faculty of Economics and Political Science </subfield>
    <subfield code="D">Department of Economics</subfield>
  </datafield>
  <datafield tag="905" ind1=" " ind2=" ">
    <subfield code="a">Shimaa</subfield>
  </datafield>
  <datafield tag="942" ind1=" " ind2=" ">
    <subfield code="2">ddc</subfield>
    <subfield code="c">TH</subfield>
    <subfield code="e">21</subfield>
    <subfield code="n">0</subfield>
  </datafield>
  <datafield tag="999" ind1=" " ind2=" ">
    <subfield code="c">179754</subfield>
  </datafield>
  <datafield tag="952" ind1=" " ind2=" ">
    <subfield code="2">ddc</subfield>
    <subfield code="9">317235</subfield>
    <subfield code="a">CUCL</subfield>
    <subfield code="b">cl210</subfield>
    <subfield code="d">2026-04-27</subfield>
    <subfield code="i">93882</subfield>
    <subfield code="o">Cai01.03.02.M.Sc.2025.Ra.F</subfield>
    <subfield code="p">01010110093882000</subfield>
    <subfield code="r">2026-04-27 09:59:06</subfield>
    <subfield code="w">2026-04-27</subfield>
    <subfield code="y">TH</subfield>
  </datafield>
</record>
